| 000 | 01026cam a2200277 a 4500 | ||
|---|---|---|---|
| 001 | 3375 | ||
| 005 | 20240229145139.0 | ||
| 020 | _a9780545569965 | ||
| 040 |
_aDLC _cDLC _erda _dIG# _dBTCTA _dMLY _dEHH _dDLC _beng |
||
| 050 | 0 | 0 |
_aQC955.F77 _b 2011 |
| 082 | 0 | 0 | _a551.55 |
| 100 | 1 | _aFradin, Judith Bloom | |
| 245 | 1 | 0 |
_aTornado! : _bthe story behind these twisting, turning, spinning, and spiraling storms / _cby Judith Bloom Fradin & Dennis Brindell Fradin. |
| 260 |
_aNew York : _bScholastic , _c2011 |
||
| 300 |
_a63 pages : _bcolor illustrations ; _c26 cm. |
||
| 490 | _aNational Geographic Kids | ||
| 505 | 0 | _aZ | |
| 520 | _aContains first-hand accounts of tornadoes in the United States, explains why and how tornadoes happen, and discusses ways to stay safe. | ||
| 521 |
_a1120
_bLexile |
||
| 521 |
_aZ
_bRaz-Plus |
||
| 650 | 0 |
_aTornadoes _vJuvenile Literature |
|
| 650 | 1 | _aTornadoes | |
| 700 | 1 | _aFradin, Dennis Brindell | |
| 906 |
_a7 _bcbc _corignew _d1 _eecip _f20 _gy-gencatlg |
||
| 942 |
_2ddc _cBK _n0 |
||
| 999 |
_c3375 _d3375 |
||